[Event "Superettan(Farsta-Eksjo)"]
[Site "?"]
[Date "2008.03.09"]
[Round "9"]
[White "Lindeman, Sven"]
[Black "de Verdier, Michael"]
[Result "1/2-1/2"]
[WhiteElo "2208"]
[BlackElo "2253"]
[PlyCount "102"]

1. e4 c5 2. Nf3 d6 3. Bb5+ Bd7 4. Bxd7+ Qxd7 5. c4 Nc6 6. d4 cxd4 7. Nxd4 Nf6
8. Nc3 g6 9. f3 Bg7 10. Be3 a6 11. a4 Rc8 12. b3 O-O 13. Rc1 Rfd8 14. Nde2 Ne5
15. Bb6 Rf8 16. O-O Qc6 17. a5 Qe8 18. Qd2 Ned7 19. Be3 Nc5 20. Rb1 Qd8 21.
Rfc1 Nfd7 22. b4 Ne6 23. Nd5 Nc7 24. Nec3 Nxd5 25. Nxd5 Ne5 26. Nb6 Rb8 27. Rd1
Qc7 28. Rbc1 Rfe8 29. h3 Bf8 30. Nd5 Qd8 31. Bb6 Qd7 32. c5 Rbc8 33. f4 Nc6 34.
e5 Bg7 35. cxd6 exd6 36. Bc5 Rcd8 37. Bxd6 g5 38. fxg5 Nxe5 39. Bxe5 Rxe5 40.
Nf6+ Bxf6 41. gxf6 Qxd2 42. Rxd2 Rf8 43. Rc7 Rb5 44. Rd4 h5 45. g4 b6 46. gxh5
bxa5 47. Rg4+ Kh8 48. bxa5 Rxa5 49. Rg7 Rxh5 50. Rcxf7 Rxf7 51. Rxf7 Rxh3
1/2-1/2

[Event "Superettan(Farsta-Eksjo)"]
[Site "?"]
[Date "2008.03.09"]
[Round "9"]
[White "Krantz, Christopher"]
[Black "Hedin, Gunnar"]
[Result "1/2-1/2"]
[WhiteElo "2156"]
[BlackElo "2200"]
[PlyCount "76"]

1. e4 e6 2. d4 d5 3. Nc3 Nf6 4. e5 Nfd7 5. f4 c5 6. Nf3 Nc6 7. Be3 a6 8. Qd2 b5
9. dxc5 Bxc5 10. Bxc5 Nxc5 11. Qf2 Qb6 12. Bd3 b4 13. Ne2 a5 14. O-O Ba6 15.
Rfd1 O-O 16. Ned4 Bxd3 17. cxd3 Nxd4 18. Nxd4 Nd7 19. Qe3 Rac8 20. Rac1 g6 21.
g4 Rfe8 22. Kh1 Kh8 23. Rf1 Qb8 24. g5 Rxc1 25. Rxc1 Rc8 26. Nb3 a4 27. Nc5
Nxc5 28. Rxc5 Qb7 29. Qc1 d4+ 30. Kg1 Rd8 31. Rc6 Kg7 32. Qc4 b3 33. a3 Qa8 34.
Kf2 Qa5 35. Ke2 Qa8 36. Kf2 Qa5 37. Ke2 Qa8 38. Kf2 Qa5 1/2-1/2

[Event "Superettan(Farsta-Eksjo)"]
[Site "?"]
[Date "2008.03.09"]
[Round "9"]
[White "Wieweg, Johnny"]
[Black "Thornert, Hakan"]
[Result "1/2-1/2"]
[WhiteElo "2121"]
[BlackElo "2240"]
[PlyCount "22"]

1. e4 c5 2. Nf3 d6 3. Bb5+ Bd7 4. Bxd7+ Qxd7 5. O-O Nc6 6. Re1 Nf6 7. c3 e6 8.
d4 cxd4 9. cxd4 d5 10. exd5 Nxd5 11. Nc3 Be7 1/2-1/2

[Event "Superettan(Farsta-Eksjo)"]
[Site "?"]
[Date "2008.03.09"]
[Round "9"]
[White "Andersson, Johan"]
[Black "Nilsson, Ove"]
[Result "1/2-1/2"]
[WhiteElo "2137"]
[BlackElo "2197"]
[PlyCount "56"]

1. e4 g6 2. d4 Bg7 3. Nc3 d6 4. Be3 c6 5. Qd2 Nd7 6. a4 Qc7 7. a5 Ngf6 8. h3
O-O 9. Nf3 e5 10. dxe5 dxe5 11. Bc4 b5 12. axb6 Nxb6 13. Bd3 Be6 14. Ng5 Rfe8
15. Nxe6 Rxe6 16. O-O Rd6 17. Qe2 Nh5 18. g3 Bf8 19. Kg2 Re8 20. Ra6 Rd7 21.
Rfa1 Qb8 22. b3 Ng7 23. Na4 Rb7 24. c3 Ne6 25. Nxb6 axb6 26. Qa2 Qc7 27. Bc4
Nc5 28. Bxc5 Bxc5 1/2-1/2

[Event "Superettan(Farsta-Eksjo)"]
[Site "?"]
[Date "2008.03.09"]
[Round "9"]
[White "Lagerborg, Krister"]
[Black "Al-Saadi, Ali Ghazi"]
[Result "1/2-1/2"]
[WhiteElo "2070"]
[BlackElo "2128"]
[PlyCount "26"]

1. e4 e5 2. Nf3 Nc6 3. Nc3 Bb4 4. Nd5 Be7 5. Be2 Nf6 6. Nxe7 Qxe7 7. d3 d5 8.
exd5 Nxd5 9. O-O Bf5 10. c4 Nb6 11. Qb3 O-O-O 12. Be3 Rhe8 13. a4 Qb4 1/2-1/2

[Event "Superettan(Passanten-Orgryte)"]
[Site "?"]
[Date "2008.03.09"]
[Round "9"]
[White "Frisk Kockum, Anton"]
[Black "Larsson, Per"]
[Result "1-0"]
[WhiteElo "2337"]
[BlackElo "2358"]
[PlyCount "71"]

1. d4 Nf6 2. Nf3 e6 3. c4 Bb4+ 4. Bd2 Qe7 5. g3 Nc6 6. Nc3 d5 7. Bg2 O-O 8.
cxd5 exd5 9. O-O Re8 10. Re1 Bxc3 11. bxc3 Ne4 12. Rc1 Be6 13. Bf4 Na5 14. Nd2
Nxd2 15. Bxd2 Nc4 16. Bf4 c6 17. e4 Qd7 18. e5 Rac8 19. Bf1 Bf5 20. f3 b5 21.
g4 Bg6 22. h4 h5 23. Kh2 Qd8 24. Kg3 c5 25. Bxc4 bxc4 26. Bg5 Qb6 27. dxc5 Qxc5
28. Be3 Qa5 29. f4 Be4 30. Bd4 Qxa2 31. Re2 Qb3 32. Qe1 hxg4 33. Ra1 Rc6 34.
Rxa7 Rb8 35. Rxe4 dxe4 36. Qxe4 1-0

[Event "Superettan(Passanten-Orgryte)"]
[Site "?"]
[Date "2008.03.09"]
[Round "9"]
[White "Sanden, Stefan"]
[Black "Ziegler, Ari"]
[Result "0-1"]
[WhiteElo "2334"]
[BlackElo "2419"]
[PlyCount "82"]

1. e4 e6 2. d4 d5 3. Nc3 Nf6 4. e5 Nfd7 5. f4 c5 6. Nf3 Nc6 7. Be3 Be7 8. Qd2
O-O 9. dxc5 Bxc5 10. Nd4 a6 11. g3 Nxd4 12. Bxd4 b5 13. Qf2 Qc7 14. Bd3 b4 15.
Na4 Bxd4 16. Qxd4 a5 17. a3 Rb8 18. O-O Qc6 19. axb4 Rxb4 20. Qc3 Qb7 21. Qd2
Qc6 22. Qc3 Qb7 23. Qd2 Qc7 24. c3 Rb8 25. Qe3 Bb7 26. Qd4 Bc6 27. Ra2 Bb5 28.
Bxb5 Rxb5 29. Rf2 Rc8 30. Rd2 h6 31. Qd3 Qb8 32. Qe3 Rc6 33. Rd4 Nb6 34. Nxb6
Rcxb6 35. Rda4 Rxb2 36. Rxa5 d4 37. cxd4 Qb7 38. d5 Rxa2 39. Rxa2 Rb1+ 40. Kf2
Qxd5 41. Qa7 Kh7 0-1

[Event "Superettan(Passanten-Orgryte)"]
[Site "?"]
[Date "2008.03.09"]
[Round "9"]
[White "Ostberg, Peter"]
[Black "Lundin, Anders"]
[Result "0-1"]
[WhiteElo "2236"]
[BlackElo "2180"]
[PlyCount "130"]

1. Nf3 Nf6 2. d4 e6 3. c4 c5 4. d5 exd5 5. cxd5 d6 6. Nc3 g6 7. e4 a6 8. a4 Bg4
9. Be2 Bg7 10. Nd2 Bxe2 11. Qxe2 O-O 12. O-O Nbd7 13. Nc4 Nb6 14. Na3 Re8 15.
Qc2 Qc7 16. a5 Nbd7 17. Nc4 b5 18. axb6 Nxb6 19. Na5 Nfd7 20. Bf4 Ne5 21. Bxe5
Bxe5 22. Nc6 Bg7 23. Rad1 Nc4 24. Na4 Na5 25. Nd4 Qb7 26. Ne2 Qb3 27. Qxb3 Nxb3
28. f3 Rab8 29. Nac3 Nd4 30. Rd2 Rb4 31. Re1 Reb8 32. Nd1 Rb3 33. Nxd4 Bxd4+
34. Kf1 a5 35. Ree2 Be5 36. h3 a4 37. Rc2 R8b4 38. Kf2 Bd4+ 39. Kg3 h5 40. h4
Kg7 41. Kh2 Be5+ 42. Kh3 Bd4 43. Kh2 a3 44. bxa3 Rxa3 45. Ra2 Rxa2 46. Rxa2 Rb1
47. Rd2 Be5+ 48. g3 c4 49. Ne3 c3 50. Re2 Bd4 51. Nc2 Bc5 52. f4 Rd1 53. Kg2
Rd2 54. Kf3 Rd3+ 55. Kg2 f5 56. exf5 gxf5 57. Ne1 Rxd5 58. Nf3 Rd1 59. Rc2 Rd3
60. Ra2 Be3 61. Kf1 Bc5 62. Kg2 d5 63. Ra5 Be3 64. Rb5 c2 65. Rb7+ Kf6 0-1

[Event "Superettan(Passanten-Orgryte)"]
[Site "?"]
[Date "2008.03.09"]
[Round "9"]
[White "Danielsson, Robert"]
[Black "Eksmyr, Johan"]
[Result "1-0"]
[WhiteElo "2003"]
[BlackElo "2152"]
[PlyCount "119"]

1. d4 Nf6 2. c4 g6 3. Nc3 d5 4. Nf3 Bg7 5. g3 O-O 6. cxd5 Nxd5 7. Bg2 Nc6 8.
O-O Nb6 9. e3 a5 10. a4 e5 11. Nxe5 Nxe5 12. dxe5 Bxe5 13. Qc2 c6 14. Rd1 Qf6
15. Ne4 Qe7 16. Nc5 Bd6 17. Nd3 Bf5 18. Qb3 Ra6 19. Bd2 Bg4 20. Rdc1 Be6 21.
Qc2 Bd5 22. Nc5 Bxg2 23. Kxg2 Raa8 24. Nb3 Bb4 25. Bxb4 Qxb4 26. Rd1 c5 27. Nd2
c4 28. Ne4 Rfd8 29. Nc3 Rac8 30. e4 Qb3 31. Qxb3 cxb3 32. Rxd8+ Rxd8 33. Ra3
Rd4 34. Rxb3 Rb4 35. Rxb4 axb4 36. Nb1 Nxa4 37. b3 Nc3 38. Nd2 Kf8 39. Kf3 Ke7
40. Ke3 Nd1+ 41. Ke2 Nb2 42. f4 Kd6 43. Nf3 f6 44. Kd2 b5 45. Kc2 Na4 46. bxa4
bxa4 47. Kd3 Kc5 48. h4 a3 49. Nd2 Kb5 50. Nb3 h6 51. Kd4 g5 52. Kd5 gxh4 53.
gxh4 h5 54. e5 fxe5 55. fxe5 Kb6 56. e6 Kc7 57. Kc5 a2 58. Na1 Kd8 59. Kd6 Ke8
60. e7 1-0

[Event "Superettan(Passanten-Orgryte)"]
[Site "?"]
[Date "2008.03.09"]
[Round "9"]
[White "Arnelind, Mikael"]
[Black "Loven, Anders"]
[Result "1-0"]
[WhiteElo "2155"]
[BlackElo "2117"]
[PlyCount "123"]

1. d4 d5 2. c4 dxc4 3. Nf3 Nf6 4. Nc3 c5 5. Bg5 e6 6. dxc5 Bxc5 7. Qxd8+ Kxd8
8. e4 h6 9. Bh4 g5 10. Bg3 Ke7 11. Bxc4 Bd7 12. O-O-O Bc6 13. Rhe1 Nbd7 14. h4
Nh5 15. Bh2 Bxf2 16. Bd6+ Kf6 17. Rf1 Be3+ 18. Kb1 Kg7 19. Nd4 Ndf6 20. Nxc6
bxc6 21. Be2 Kg6 22. e5 Nd5 23. Rf3 Nxc3+ 24. bxc3 Bf4 25. g4 Ng7 26. h5+ Kh7
27. Bd3+ Kg8 28. Be4 Rc8 29. c4 Ne8 30. Rb3 c5 31. Kc2 Nxd6 32. exd6 Rd8 33. d7
Kf8 34. Rb7 a6 35. Ra7 Ke7 36. Bc6 Rhf8 37. Re1 Kd6 38. Rxa6 Ke7 39. Bb5 Ra8
40. Rxa8 Rxa8 41. a4 Bc7 42. Kd3 Rf8 43. Bc6 Kd6 44. Bb5 f5 45. gxf5 Rxf5 46.
Rd1 g4 47. Ke2+ Ke7 48. d8=Q+ Bxd8 49. Rd7+ Ke8 50. Rh7+ Kf8 51. Rh8+ Ke7 52.
Re8+ Kf6 53. Rxd8 Rxh5 54. a5 Rh2+ 55. Kf1 Kg5 56. a6 Ra2 57. Rd7 Kf4 58. a7
Ra1+ 59. Ke2 Ra2+ 60. Kd1 g3 61. Bc6 g2 62. Bxg2 1-0

[Event "Superettan(Passanten-Orgryte)"]
[Site "?"]
[Date "2008.03.09"]
[Round "9"]
[White "Lanvin, Per"]
[Black "Rolen, Magnus"]
[Result "0-1"]
[WhiteElo "1810"]
[BlackElo "2199"]
[PlyCount "102"]

1. c4 Nc6 2. Nc3 e5 3. Nf3 Nf6 4. a3 d6 5. d4 e4 6. Ng5 Bf5 7. g3 h6 8. Nh3 g5
9. Bg2 Qd7 10. Ng1 Bg7 11. f3 exf3 12. exf3 O-O-O 13. Nge2 Rde8 14. O-O Kb8 15.
b4 Bh3 16. b5 Nd8 17. a4 Bxg2 18. Kxg2 Qf5 19. a5 h5 20. b6 cxb6 21. Nb5 Qe6
22. Nec3 bxa5 23. Bxg5 h4 24. g4 h3+ 25. Kh1 Qxc4 26. Ra4 Qe6 27. Nxd6 Qxd6 28.
Nb5 Qa6 29. Bf4+ Kc8 30. Qc2+ Nc6 31. Qf5+ Re6 32. Nd6+ Kd7 33. Rb1 Nb4 34. d5
Qe2 35. dxe6+ Ke7 36. Nc8+ Rxc8 37. Bd6+ Kxd6 38. Qf4+ Ke7 39. Rg1 Rc2 40. g5
Ne8 41. Qxf7+ Kd6 42. Qd7+ Kc5 43. Qe7+ Kb6 44. Rxb4+ axb4 45. Qxb4+ Kc6 46.
Qa4+ Kd6 47. Qb4+ Kd5 48. Qb3+ Kd6 49. Qb4+ Rc5 50. Qf4+ Be5 51. Qf8+ Kd5 0-1

[Event "Superettan(Passanten-Orgryte)"]
[Site "?"]
[Date "2008.03.09"]
[Round "9"]
[White "Lejhall, Jens"]
[Black "Jordas, Ingvar"]
[Result "1-0"]
[WhiteElo "2023"]
[BlackElo "1887"]
[PlyCount "117"]

1. c4 e5 2. Nc3 b6 3. Nf3 Nc6 4. g3 Bb7 5. Bg2 Nd4 6. Nd5 c6 7. Nc3 Qc7 8. O-O
Ne7 9. d3 Ng6 10. Ne1 Ne6 11. Bd2 Be7 12. Rc1 Rd8 13. Nd5 Qb8 14. Nxe7 Nxe7 15.
b4 O-O 16. c5 d5 17. f4 exf4 18. gxf4 f5 19. e3 Ng6 20. Nf3 Ba6 21. Bc3 bxc5
22. bxc5 Qb5 23. d4 Qb8 24. Rb1 Qc7 25. Rf2 Rb8 26. Rfb2 Rxb2 27. Rxb2 Rb8 28.
Qb1 Rxb2 29. Qxb2 Ne7 30. Be1 Ng6 31. Qb4 Bd3 32. a4 Be4 33. Kf2 h6 34. Bf1 Ne7
35. Ne5 g5 36. fxg5 hxg5 37. Qa5 Qxa5 38. Bxa5 f4 39. Bh3 fxe3+ 40. Kxe3 Nf4
41. Bd7 Bc2 42. Bd8 Kf8 43. Nxc6 Nxc6 44. Bxc6 Ne6 45. Bf6 Bb3 46. Bb5 Kf7 47.
Be5 a6 48. Bxa6 Bxa4 49. Be2 Nd8 50. Bh5+ Ke6 51. Bg4+ Kf7 52. Kd2 Bc6 53. Kc3
Ne6 54. Kb4 Nf8 55. Ka5 Nd7 56. Bxd7 Bxd7 57. Kb6 Bc8 58. Kc7 Bf5 59. Kd8 1-0

[Event "Superettan(Passanten-Orgryte)"]
[Site "?"]
[Date "2008.03.09"]
[Round "9"]
[White "Vidimlic, Mirsad"]
[Black "Tibell, Ingemar"]
[Result "0-1"]
[WhiteElo "1739"]
[BlackElo "2033"]
[PlyCount "80"]

1. d4 Nf6 2. e3 d5 3. Bd3 Bg4 4. f3 Bh5 5. Ne2 Nbd7 6. Ng3 e6 7. O-O Bd6 8. Qe1
c5 9. c3 Qc7 10. f4 Bg6 11. Qe2 Bxd3 12. Qxd3 O-O 13. Nd2 Qc6 14. Nf3 Ne4 15.
Bd2 f5 16. Rac1 c4 17. Qe2 Ndf6 18. Ne5 Nxg3 19. hxg3 Bxe5 20. dxe5 Ne4 21. Be1
Qd7 22. g4 g6 23. g5 b5 24. Rf3 a5 25. a3 Rfb8 26. Rh3 Rb7 27. g4 Qf7 28. Kg2
Rab8 29. Rc2 Nc5 30. Kf1 Nd3 31. Qf3 fxg4 32. Qxg4 Nxe5 33. Qg3 Qf5 34. Rch2
Nd3 35. Rh6 Rf8 36. Kg1 e5 37. R6h4 exf4 38. exf4 Nxf4 39. Rf2 Ne2+ 40. Rxe2
Qf1+ 0-1

[Event "Superettan(Rockaden II,Sthlm-Vastervik)"]
[Site "?"]
[Date "2008.03.09"]
[Round "9"]
[White "Sternlund, Hakan"]
[Black "Livner, Anders"]
[Result "1/2-1/2"]
[WhiteElo "2223"]
[BlackElo "2412"]
[PlyCount "37"]
[EventDate "2008.??.??"]
[SourceDate "2008.03.16"]

1. c4 c5 2. Nc3 Nc6 3. g3 g6 4. Bg2 Bg7 5. e3 d6 6. Nge2 e5 7. d3 Nge7 8. a3
O-O 9. Rb1 a5 10. O-O Rb8 11. Bd2 Bf5 12. e4 Be6 13. Nb5 Qd7 14. Qc1 Bh3 15.
Bh6 Bxg2 16. Kxg2 f5 17. Bg5 Bf6 18. f3 Kh8 19. Nec3 1/2-1/2

[Event "Superettan(Rockaden II,Sthlm-Vastervik)"]
[Site "?"]
[Date "2008.03.09"]
[Round "9"]
[White "Blomqvist, Erik"]
[Black "Elenius, Erik"]
[Result "1-0"]
[WhiteElo "2371"]
[BlackElo "2184"]
[PlyCount "47"]
[EventDate "2008.??.??"]

1. e4 c5 2. Nf3 d6 3. d4 cxd4 4. Nxd4 Nf6 5. Nc3 a6 6. Bc4 e6 7. Bb3 b5 8. O-O
Be7 9. Qf3 Qb6 10. Be3 Qb7 11. Qg3 Bd7 12. Nf5 exf5 13. Qxg7 Rf8 14. Bg5 Ng8
15. Bxe7 Nxe7 16. Nd5 Ng6 17. exf5 Bxf5 18. Rfe1+ Ne5 19. Nf6+ Ke7 20. Nd5+ Ke8
21. f4 Nbd7 22. Qg5 f6 23. Qxf5 Nc5 24. Nxf6+ 1-0

[Event "Superettan(Rockaden II,Sthlm-Vastervik)"]
[Site "?"]
[Date "2008.03.09"]
[Round "9"]
[White "Ask, Josef"]
[Black "Lissang, Christopher"]
[Result "0-1"]
[WhiteElo "2283"]
[BlackElo "2289"]
[PlyCount "124"]
[EventDate "2008.??.??"]

1. d4 Nf6 2. Nf3 d5 3. c4 e6 4. Nc3 dxc4 5. e4 Bb4 6. Bg5 c5 7. e5 cxd4 8. Nxd4
Bxc3+ 9. bxc3 Qa5 10. exf6 Qxg5 11. fxg7 Qxg7 12. Qf3 O-O 13. Bxc4 Nd7 14. Bb3
Ne5 15. Qe4 a5 16. a4 Ra6 17. f4 Ng6 18. O-O Kh8 19. Rf3 f5 20. Qe2 Nxf4 21.
Rxf4 e5 22. Rh4 exd4 23. Rxd4 Rg6 24. Rf1 Bd7 25. g3 Bc6 26. Qf2 Rg4 27. Rxg4
Qxg4 28. Qd4+ Qxd4+ 29. cxd4 Be4 30. Rd1 Kg7 31. Rc1 Rd8 32. d5 Rd7 33. Rc5 b6
34. Rb5 Rd6 35. Bc4 Kf6 36. Rb2 Ke5 37. Kf2 Bxd5 38. Rb5 Ke4 39. Bxd5+ Rxd5 40.
Rxb6 Rd2+ 41. Kg1 Ra2 42. Rb7 h5 43. h4 Kf3 44. Rg7 Rg2+ 45. Kf1 Rxg3 46. Rg5
Kf4 47. Rxh5 Ra3 48. Rh8 Rxa4 49. h5 Kf3 50. Kg1 Rg4+ 51. Kh2 Rc4 52. h6 f4 53.
Ra8 Rc5 54. h7 Rh5+ 55. Kg1 Rxh7 56. Rxa5 Re7 57. Ra1 Re3 58. Rb1 Kg3 59. Kf1
Ra3 60. Rc1 Ra8 61. Kg1 f3 62. Rb1 Ra2 0-1

[Event "Superettan(Rockaden II,Sthlm-Vastervik)"]
[Site "?"]
[Date "2008.03.09"]
[Round "9"]
[White "Johansson, Robin"]
[Black "Harren, Mats"]
[Result "1-0"]
[WhiteElo "2281"]
[BlackElo "2087"]
[PlyCount "87"]
[EventDate "2008.??.??"]

1. e4 d6 2. d4 Nf6 3. Nc3 Nbd7 4. g4 h6 5. Be3 e5 6. h3 c6 7. Nf3 a6 8. g5 hxg5
9. Nxg5 b5 10. a4 Bb7 11. Rg1 Be7 12. Qd2 Nh7 13. Nf3 g6 14. Rd1 Qc7 15. h4
Nhf6 16. Ng5 Rxh4 17. f3 Nh7 18. axb5 exd4 19. Qxd4 Nxg5 20. Bxg5 Ne5 21. Qf2
Rh2 22. Rg2 Rxg2 23. Bxg2 Bxg5 24. f4 Bxf4 25. Qxf4 O-O-O 26. bxc6 Bxc6 27. Rd4
Qb6 28. Qd2 Kb8 29. Nd5 Qc5 30. Rb4+ Ka7 31. Ne3 Bb5 32. Rd4 Nc4 33. Nxc4 Bxc4
34. b3 Bb5 35. Kd1 Qa3 36. Qf2 Kb8 37. e5 Qa1+ 38. Kd2 Rd7 39. exd6 Qa5+ 40. b4
Qb6 41. c4 Rxd6 42. c5 Rxd4+ 43. Qxd4 Qe6 44. Qd8+ 1-0

[Event "Superettan(Rockaden II,Sthlm-Vastervik)"]
[Site "?"]
[Date "2008.03.09"]
[Round "9"]
[White "Sandbom, Jonas"]
[Black "Nilsson, Victor"]
[Result "1-0"]
[WhiteElo "2199"]
[BlackElo "2171"]
[PlyCount "71"]
[EventDate "2008.??.??"]

1. e4 c5 2. Nf3 d6 3. Bb5+ Nd7 4. O-O e6 5. Re1 a6 6. Bf1 Ne5 7. c3 Ne7 8. d4
Nxf3+ 9. Qxf3 Nc6 10. d5 Ne5 11. Qg3 h5 12. f4 h4 13. Qe3 Ng4 14. Qf3 e5 15. h3
Nf6 16. fxe5 dxe5 17. a4 Nh5 18. Na3 Qf6 19. Qxf6 gxf6 20. Nc4 Bh6 21. b4 cxb4
22. cxb4 Rb8 23. Bxh6 Rxh6 24. Rac1 Bd7 25. Nb6 Rg6 26. Re3 Rg3 27. Rxg3 Nxg3
28. Rc7 Rd8 29. Rxb7 Nxe4 30. Bxa6 Nd6 31. Rc7 f5 32. Bb7 Rb8 33. Nxd7 Rxb7 34.
Rxb7 Nxb7 35. Nxe5 Ke7 36. Nc4 1-0

[Event "Superettan(Rockaden II,Sthlm-Vastervik)"]
[Site "?"]
[Date "2008.03.09"]
[Round "9"]
[White "Krzymowski, Alfred"]
[Black "Broddefalk, Arvid"]
[Result "1/2-1/2"]
[WhiteElo "2182"]
[BlackElo "1985"]
[PlyCount "100"]
[EventDate "2008.??.??"]

1. e4 Nf6 2. e5 Nd5 3. d4 d6 4. c4 Nb6 5. exd6 exd6 6. Nc3 Nc6 7. Be3 Be7 8.
Bd3 O-O 9. h3 Bf6 10. Nf3 Re8 11. O-O Nb4 12. Be2 Bf5 13. Rc1 d5 14. a3 Nc6 15.
cxd5 Nxd5 16. Nxd5 Qxd5 17. Rc5 Qd7 18. Qb3 Be4 19. d5 Nd8 20. Rd1 a6 21. Nd2
Bf5 22. Bf3 b6 23. Rc4 Nb7 24. Rdc1 Na5 25. Qb4 Nxc4 26. Nxc4 a5 27. Qd2 Rab8
28. d6 c5 29. b4 axb4 30. axb4 Rec8 31. bxc5 bxc5 32. Qa5 Bd8 33. Qa3 Qb5 34.
Bf4 Bd7 35. Qe3 Bf6 36. Bd5 Re8 37. Qf3 Rf8 38. Ne5 Rbd8 39. Nxd7 Qxd7 40. Rxc5
Rc8 41. Rc7 Rxc7 42. dxc7 Rc8 43. Bc6 Qe7 44. Qg3 Bd4 45. Kh2 Bb6 46. Bb7 Rxc7
47. Bxc7 Bxc7 48. f4 Qb4 49. Qf3 Bxf4+ 50. g3 Be5 1/2-1/2

[Event "Superettan(Upsala II-Lundby)"]
[Site "?"]
[Date "2008.03.09"]
[Round "9"]
[White "Virolainen, Victor"]
[Black "Cederberg, Karl Olof"]
[Result "1-0"]
[WhiteElo "2227"]
[BlackElo "2220"]
[PlyCount "93"]

1. e4 e5 2. Nf3 d6 3. d4 Nf6 4. Nc3 Nbd7 5. Bc4 Be7 6. O-O O-O 7. h3 c6 8. a4
a5 9. Re1 Qe8 10. Be3 Bd8 11. Qd2 Qe7 12. Rad1 Bc7 13. d5 Rd8 14. Ng5 Rf8 15.
g3 h6 16. Nf3 Rd8 17. Nh4 Nb6 18. Bxb6 Bxb6 19. Kg2 Bd4 20. b3 Qc7 21. Re2 Rb8
22. Nb1 b5 23. axb5 cxb5 24. Bd3 b4 25. f4 Bd7 26. Nf3 Ba7 27. Qc1 a4 28. fxe5
dxe5 29. bxa4 Bxa4 30. Qb2 Nd7 31. Nbd2 Bb5 32. Bxb5 Rxb5 33. Nb3 Qc4 34. Rd3
f6 35. Qa2 Bb8 36. Qa6 Nc5 37. Qc6 Bd6 38. Nh4 Rbb8 39. Nf5 Bf8 40. Nxc5 Qxc5
41. Qe6+ Kh7 42. d6 Qc6 43. g4 Rd7 44. Kf3 Rbd8 45. Red2 g6 46. Ne7 Qb6 47.
Qg8# 1-0

[Event "Superettan(Upsala II-Lundby)"]
[Site "?"]
[Date "2008.03.09"]
[Round "9"]
[White "Svensson, Mans"]
[Black "Sigurgeirsson, Brjann"]
[Result "1-0"]
[WhiteElo "2245"]
[BlackElo "2185"]
[PlyCount "51"]

1. d4 Nf6 2. Bg5 Ne4 3. Bf4 d5 4. e3 g6 5. Bd3 Nf6 6. c4 Bg7 7. Nc3 O-O 8. Nge2
c6 9. Qb3 dxc4 10. Bxc4 Nbd7 11. Rd1 Nb6 12. O-O Nxc4 13. Qxc4 Be6 14. Qb4 b6
15. e4 a5 16. Qa4 b5 17. Qc2 Qc8 18. f3 Qb7 19. Be3 a4 20. Nc1 Nd7 21. b3 Rfc8
22. Nd3 axb3 23. axb3 Ra3 24. Rb1 Qa7 25. Nxb5 Bxb3 26. Rxb3 1-0

[Event "Superettan(Upsala II-Lundby)"]
[Site "?"]
[Date "2008.03.09"]
[Round "9"]
[White "Nuoristo, Peter"]
[Black "Johansson, Thomas"]
[Result "1-0"]
[WhiteElo "2216"]
[BlackElo "2195"]
[PlyCount "90"]

1. d4 Nf6 2. Nf3 g6 3. Bf4 Bg7 4. e3 O-O 5. h3 d6 6. Be2 c5 7. c3 b6 8. O-O Bb7
9. Nbd2 cxd4 10. exd4 Nbd7 11. Re1 a6 12. a4 Ra7 13. Bc4 Bd5 14. Qe2 Bxc4 15.
Nxc4 d5 16. Ne3 e6 17. Ng4 Qc8 18. Ng5 Re8 19. Qd2 Nxg4 20. hxg4 Qc6 21. Nf3
Rb7 22. g5 b5 23. axb5 axb5 24. Ra5 Bf8 25. Rea1 Bd6 26. Ra6 Rb6 27. Ra7 Reb8
28. Bxd6 Qxd6 29. Qe3 R6b7 30. Ne5 Qc7 31. Rxb7 Qxb7 32. Ng4 Ra8 33. Re1 b4 34.
Qf3 Rf8 35. c4 Qc6 36. c5 Qa4 37. Qf4 Qc2 38. Nf6+ Nxf6 39. gxf6 g5 40. Qxg5+
Qg6 41. Qxg6+ hxg6 42. Ra1 Rb8 43. Ra7 b3 44. Rd7 Rb4 45. c6 Rc4 1-0

[Event "Superettan(Upsala II-Lundby)"]
[Site "?"]
[Date "2008.03.09"]
[Round "9"]
[White "Fallman, Micael"]
[Black "Lehtonen, Ture"]
[Result "1-0"]
[WhiteElo "2097"]
[BlackElo "2154"]
[PlyCount "39"]

1. d4 g6 2. e4 Bg7 3. Nc3 d6 4. f4 a6 5. a4 e6 6. Nf3 Ne7 7. Be3 Nd7 8. Bd3 b6
9. O-O d5 10. exd5 exd5 11. f5 Nf8 12. fxg6 hxg6 13. Bg5 Ne6 14. Bxe7 Kxe7 15.
Ne5 Bxe5 16. dxe5 Rh7 17. Bxg6 Rg7 18. Nxd5+ Kf8 19. Be4 Ng5 20. Nf6 1-0

[Event "Superettan(Upsala II-Lundby)"]
[Site "?"]
[Date "2008.03.09"]
[Round "9"]
[White "Zackrisson, Mattias"]
[Black "Dolata, Henryk"]
[Result "0-1"]
[WhiteElo "2103"]
[BlackElo "2069"]
[PlyCount "102"]

1. e4 e6 2. d3 d5 3. Nd2 Nf6 4. Ngf3 Be7 5. g3 O-O 6. Bg2 dxe4 7. dxe4 Nc6 8.
O-O e5 9. Qe2 Bg4 10. c3 Qc8 11. Nc4 Re8 12. Qc2 Bf8 13. Bg5 Nd7 14. Bd2 Nb6
15. Ne3 Bh3 16. a4 Bxg2 17. Kxg2 Nd7 18. Qb3 Nc5 19. Qc2 Qe6 20. Nd5 Rac8 21.
b4 Nd7 22. a5 a6 23. Rfe1 Ne7 24. c4 c6 25. Ne3 Rcd8 26. c5 Nc8 27. Nf5 g6 28.
Nh6+ Bxh6 29. Bxh6 Na7 30. h4 Nb5 31. Ng5 Qe7 32. h5 Nf8 33. Rh1 Ne6 34. Nxh7
g5 35. Nxg5 Nxg5 36. Rh4 Kh7 37. Bxg5 Qxg5 38. Qb3 Re7 39. Rah1 Rd2 40. h6 Nd4
41. Qc3 Ne6 42. Qf3 Nd4 43. Qc3 Rc2 44. Qe1 Re2 45. Qc3 Re6 46. Rh5 Qf6 47. Rf1
Qg6 48. Rh4 Rf6 49. Qc1 Rf3 50. Kh3 Rexf2 51. Rxf2 Qxg3# 0-1

[Event "Superettan(Upsala II-Lundby)"]
[Site "?"]
[Date "2008.03.09"]
[Round "9"]
[White "Brandberg, Joakim"]
[Black "Przysuski, Feliks"]
[Result "1/2-1/2"]
[WhiteElo "2084"]
[BlackElo "2037"]
[PlyCount "51"]

1. Nf3 Nf6 2. b3 d5 3. Bb2 e6 4. e3 Be7 5. Be2 O-O 6. O-O c5 7. c4 Nc6 8. d4 b6
9. Nc3 Bb7 10. cxd5 exd5 11. Rc1 Rc8 12. Na4 cxd4 13. Nxd4 Nxd4 14. Qxd4 Qd7
15. Bf3 Rxc1 16. Rxc1 Rc8 17. Qd2 Rxc1+ 18. Qxc1 Ne4 19. Nc3 Bf6 20. Nxe4 dxe4
21. Be2 Bxb2 22. Qxb2 h6 23. h3 Bc6 24. Qc2 Qd6 25. Bg4 g6 26. Qb2 1/2-1/2

[Event "Superettan(Upsala II-Lundby)"]
[Site "?"]
[Date "2008.03.09"]
[Round "9"]
[White "Ingvason, Sigurgeir"]
[Black "Fernandez, Juan Pablo"]
[Result "0-1"]
[WhiteElo "2029"]
[BlackElo "1990"]
[PlyCount "82"]

1. Nf3 c5 2. c4 g6 3. g3 Bg7 4. Bg2 Nc6 5. O-O d6 6. Nc3 e5 7. d3 Nge7 8. Rb1
O-O 9. Bg5 f6 10. Bd2 Be6 11. b4 cxb4 12. Na4 b6 13. Ne1 Rc8 14. Nc2 d5 15.
cxd5 Nxd5 16. e4 Nc3 17. Bxc3 bxc3 18. Nxc3 Nd4 19. Nxd4 Qxd4 20. Nd5 Bxd5 21.
exd5 Rc3 22. Rb3 Rfc8 23. Qb1 Rc2 24. Rb4 Qxd3 25. Be4 Qxf1+ 26. Kxf1 Rc1+ 27.
Ke2 Rxb1 28. Rxb1 f5 29. Bd3 e4 30. Bb5 Rc2+ 31. Ke3 Be5 32. Rd1 Bd6 33. Rd2
Bc5+ 34. Ke2 Rxd2+ 35. Kxd2 Bxf2 36. g4 Kf8 37. gxf5 gxf5 38. Bd7 f4 39. Bf5
e3+ 40. Kd3 f3 41. Bg4 e2 0-1

[Event "Superettan(Upsala II-Lundby)"]
[Site "?"]
[Date "2008.03.09"]
[Round "9"]
[White "Styf, Josef"]
[Black "Nystrom, Jesper"]
[Result "1-0"]
[WhiteElo "2080"]
[BlackElo "1867"]
[PlyCount "47"]

1. d4 f5 2. g3 Nf6 3. Bg2 d6 4. Nc3 g6 5. Bg5 Bg7 6. e4 c6 7. Qd2 h6 8. Bxf6
Bxf6 9. Nge2 e5 10. f4 Be6 11. O-O-O exf4 12. Nxf4 Bf7 13. exf5 gxf5 14. Rde1+
Kf8 15. Qd3 Qa5 16. Rhf1 Nd7 17. Ne6+ Kg8 18. Rxf5 c5 19. Rxf6 Nxf6 20. Qf5 Re8
21. Qxf6 Rxe6 22. Rxe6 Bxe6 23. Qxe6+ Kf8 24. Qf6+ 1-0

[Event "Superettan(Rockaden,Umea-Manhem II)"]
[Site "?"]
[Date "2008.03.09"]
[Round "9"]
[White "Vas, Peter"]
[Black "Engman, Rickard"]
[Result "1/2-1/2"]
[WhiteElo "2209"]
[BlackElo "2253"]
[PlyCount "56"]

1. e4 e5 2. Nf3 Nc6 3. Bc4 Nf6 4. d3 Be7 5. O-O O-O 6. Bb3 d6 7. c3 Na5 8. Bc2
c5 9. Nbd2 Nc6 10. Re1 Re8 11. Nf1 Bf8 12. h3 g6 13. Bg5 h6 14. Bd2 Bg7 15.
N3h2 d5 16. Ne3 h5 17. Qf3 Be6 18. Nef1 Nh7 19. Qe2 f5 20. exf5 Bxf5 21. Ne3
Nd4 22. cxd4 exd4 23. Qf3 dxe3 24. Rxe3 Rxe3 25. Bxe3 c4 26. Qe2 Qe7 27. g4
hxg4 28. hxg4 Bd7 1/2-1/2